| 000 | 00000nam##2200000za#4500 |
| 001 | 9.630849 |
| 003 | CaOODSP |
| 005 | 20210624214039 |
| 007 | cr ||||||||||| |
| 008 | 150407|2002||||xxc|||||o f|0| 0 fre|d |
| 020 | |a0-662-88094-3 |
| 040 | |aCaOODSP|bfre |
| 043 | |an-cn--- |
| 086 | 1 |aD82-22/2002F-PDF |
| 110 | 1 |aCanada.|bSécurité publique et Protection civile Canada. |bBureau de la protection des infrastructures essentielles et de la protection civile. |
| 245 | 10|aLes techniques élémentaires du sauvetage / |h[ressource électronique]|cProduit par le bureau de la Protection des infrastructures essentielles et de la Protection civile en consultation avec Ambulance Saint-Jean ... [et al.] |
| 250 | |aRévisé |
| 260 | |aOttawa - Ontario : |bSécurité publique et Protection civile Canada. |c©2002. |
| 300 | |a17p.|bill. (certaines en couleur) |
| 500 | |aLe n° de catalogue (D82-22/2002F) et l'ISBN (0-662-88092-7) pour l'édition imprimée ont été incorrectement copiés dans cette édition PDF. |
| 520 | 3 |aLe but du présent livret est de donner aux personnes intéressées par le sujet des renseignements de base sur le sauvetage dans les structures endommagées. |
| 590 | |a07-04|b2007-01-26 |
| 691 | 07|aProtection civile|2gcpds |
| 691 | 07|aSauvetage|2gcpds |
| 710 | 2 |aAmbulance Saint-Jean. |
| 775 | 08|tBasic rescue skills / |w(CaOODSP)9.686378 |
| 776 | 0#|tLes techniques élémentaires du sauvetage / |w(CaOODSP)9.681971 |
| 856 | 40|ahttp://publications.gc.ca|qPDF|s461 Ko|uhttps://publications.gc.ca/collections/Collection/D82-22-2002F.pdf |